Effective Training (Record no. 6578)

MARC details
000 -LEADER
fixed length control field 00277nam a2200121Ia 4500
008 - FIXED-LENGTH DATA ELEMENTS--GENERAL INFORMATION
fixed length control field 191201s2008 xx 000 0 und d
100 ## - MAIN ENTRY--PERSONAL NAME
Personal name NICKBLANCHARD, P
245 #0 - TITLE STATEMENT
Title Effective Training
260 ## - PUBLICATION, DISTRIBUTION, ETC. (IMPRINT)
Place of publication, distribution, etc N. delhi
Name of publisher, distributor, etc PHI
Date of publication, distribution, etc 2008
300 ## - PHYSICAL DESCRIPTION
Extent 486
650 ## - SUBJECT ADDED ENTRY--TOPICAL TERM
Topical term or geographic name as entry element BBA
942 ## - ADDED ENTRY ELEMENTS (KOHA)
Source of classification or shelving scheme Dewey Decimal Classification
Koha item type Text Books
942 ## - ADDED ENTRY ELEMENTS (KOHA)
-- 1
Holdings
Withdrawn status Lost status Source of classification or shelving scheme Damaged status Not for loan Collection code Home library Current library Date acquired Source of acquisition Cost, normal purchase price Bill Number Total Checkouts Full call number Acc. no. / Barcode Date last seen Actual Cost, discounted price Bill Date Koha item type Checked out Date last borrowed Public note
    Dewey Decimal Classification     BBA PIET C-LIBRARY PIET C-LIBRARY 17/06/2016 PHI 395.00 TCM/2016/10403   658.312 NIE 28724 04/12/2019 122.44 13/06/2016 Text Books      
    Dewey Decimal Classification     BBA PIET C-LIBRARY PIET C-LIBRARY 17/06/2016 PHI 395.00 TCM/2016/10403   658.312 NIE 28725 04/12/2019 122.44 13/06/2016 Text Books      
    Dewey Decimal Classification     BBA PIET C-LIBRARY PIET C-LIBRARY 17/06/2016 PHI 395.00 TCM/2016/10403 1 658.312 NIE 28726 22/01/2022 122.44 13/06/2016 Text Books 21/07/2022 22/01/2022 .
    Dewey Decimal Classification     BBA PIET C-LIBRARY PIET C-LIBRARY 17/06/2016 PHI 395.00 TCM/2016/10403   658.312 NIE 28727 04/12/2019 122.44 13/06/2016 Text Books      

Design & Developed by: PIET Central Library
R70 Miles Stone Pattikalyana Samalkha Panipat 132102
mail ID :- [email protected], Phone No:- 0180-2569700 Ex.216